MARC details
| 000 -LEADER |
| fixed length control field |
02050pam a2200421 i 4500 |
| 001 - CONTROL NUMBER |
| control field |
2015028680 |
| 003 - CONTROL NUMBER IDENTIFIER |
| control field |
DLC |
| 005 - DATE AND TIME OF LATEST TRANSACTION |
| control field |
20200217191623.0 |
| 008 - FIXED-LENGTH DATA ELEMENTS--GENERAL INFORMATION |
| fixed length control field |
150914s2015 txu c 000 1 eng |
| 010 ## - LIBRARY OF CONGRESS CONTROL NUMBER |
| LC control number |
2015028680 |
| 020 ## - INTERNATIONAL STANDARD BOOK NUMBER |
| International Standard Book Number |
9781558858169 (pbk. : alk. paper) |
| 020 ## - INTERNATIONAL STANDARD BOOK NUMBER |
| International Standard Book Number |
1558858164 (pbk. : alk. paper) |
| 035 ## - SYSTEM CONTROL NUMBER |
| System control number |
1074935 |
| 040 ## - CATALOGING SOURCE |
| Original cataloging agency |
DLC |
| Language of cataloging |
eng |
| Description conventions |
rda |
| Transcribing agency |
DLC |
| Modifying agency |
TnLvILS |
| 041 1# - LANGUAGE CODE |
| Language code of text/sound track or separate title |
eng |
| -- |
spa |
| 042 ## - AUTHENTICATION CODE |
| Authentication code |
lcac |
| -- |
pcc |
| 100 1# - MAIN ENTRY--PERSONAL NAME |
| Personal name |
Garza, Xavier. |
| 240 10 - UNIFORM TITLE |
| Uniform title |
<a href="Short stories.">Short stories.</a> |
| Form subheading |
Selections. |
| 245 13 - TITLE STATEMENT |
| Title |
La Senora Asno se enfrenta a La Llorona y otros cuentos = |
| Remainder of title |
The Donkey Lady fights La Llorona and other scary stories / |
| Statement of responsibility, etc. |
por Xavier Garza ; traduccion al espanol de Maira E. Alvarez. |
| 246 31 - VARYING FORM OF TITLE |
| Title proper/short title |
La Senora Asno se enfrenta a La Llorona y otros cuentos. |
| 246 31 - VARYING FORM OF TITLE |
| Title proper/short title |
Donkey Lady fights La Llorona and other scary stories |
| 260 ## - PUBLICATION, DISTRIBUTION, ETC. (IMPRINT) |
| Place of publication, distribution, etc. |
Houston, TX : |
| Name of publisher, distributor, etc. |
Pinata Books, an imprint of Arte Publico Press, |
| Date of publication, distribution, etc. |
[2015] |
| 264 #1 - PRODUCTION, PUBLICATION, DISTRIBUTION, MANUFACTURE, AND COPYRIGHT NOTICE |
| Place of production, publication, distribution, manufacture |
Houston, TX : |
| Name of producer, publisher, distributor, manufacturer |
Pinata Books, an imprint of Arte Publico Press, |
| Date of production, publication, distribution, manufacture, or copyright notice |
[2015] |
| 300 ## - PHYSICAL DESCRIPTION |
| Extent |
83, 83 pages ; |
| Dimensions |
22 cm. |
| 336 ## - CONTENT TYPE |
| Content type term |
text |
| Source |
rdacontent. |
| 337 ## - MEDIA TYPE |
| Media type term |
unmediated |
| Source |
rdamedia. |
| 338 ## - CARRIER TYPE |
| Carrier type term |
volume |
| Source |
rdacarrier. |
| 500 ## - GENERAL NOTE |
| General note |
In English and Spanish. |
| 505 0# - FORMATTED CONTENTS NOTE |
| Formatted contents note |
The Donkey Lady fights La Llorona = La Senora Asno se enfrenta a La Llorona -- Holes = Hoyos -- The gift that is a curse -- The egg = El huevo -- Grandpa Tito's book = El libro del Abuelo Tito -- The Blood-Sucking Beast = El Chupacabras -- Tunnels = Tuneles -- The Devil is making him do it = El Diablo me esta haciendo hacerlo -- The money tree = El arbol de dinero -- The Devil in Mrs. Leal's Class = El Diablo en la clase de la Senora Leal -- The selfie = "El autorretrato" -- Can I keep him? = Me lo puedo quedar? |
| 650 #0 - SUBJECT ADDED ENTRY--TOPICAL TERM |
| Topical term or geographic name as entry element |
Horror tales, American. |
| 650 #0 - SUBJECT ADDED ENTRY--TOPICAL TERM |
| Topical term or geographic name as entry element |
Short stories, American. |
| 650 #1 - SUBJECT ADDED ENTRY--TOPICAL TERM |
| Topical term or geographic name as entry element |
Horror stories. |
| 650 #1 - SUBJECT ADDED ENTRY--TOPICAL TERM |
| Topical term or geographic name as entry element |
Short stories. |
| 650 #1 - SUBJECT ADDED ENTRY--TOPICAL TERM |
| Topical term or geographic name as entry element |
Hispanic Americans |
| Form subdivision |
Fiction. |
| 650 #1 - SUBJECT ADDED ENTRY--TOPICAL TERM |
| Topical term or geographic name as entry element |
Spanish language materials |
| General subdivision |
Bilingual. |
| 700 1# - ADDED ENTRY--PERSONAL NAME |
| Personal name |
Alvarez, Maira E., |
| Relator term |
translator. |
| 942 ## - ADDED ENTRY ELEMENTS (KOHA) |
| Koha item type |
Libro/Book |
| Source of classification or shelving scheme |
Dewey Decimal Classification |